| Registos Bibliográficos associados ao registo de autoridade |
|
Etiqueta de registo: 00709cam 2200229 450 001 670748 003 http://id.bnportugal.gov.pt/bib/catbnp/670748 005 19990703140500.0 021 ## $aPT$b56346/92 095 ## $aPTBN00882528 100 ## $a19970414d1994 m y0pory0103 ba 101 0# $apor 102 ## $aPT 200 1# $aHistória do fado$fPinto de Carvalho (Tinop)$g[pref. Joaquim Pais de Brito 205 ## $a4ª ed 210 #9 $aLisboa$cPublicações Dom Quixote,$d1994 215 ## $a292, [2] p.$cil.$d24 cm 225 2# $aPortugal de perto$v1 606 ## $aFado$xHistória$yPortugal$2SIPOR$389661 675 ## $a784.4(=1:469)(091)$vBN$zpor$31117441 700 #1 $aCarvalho,$bPinto de,$f1858-1936$340253 702 #1 $aBrito,$bJoaquim Pais de,$f1945-$4080$317496 801 #0 $aPT$bBN$gRPC 966 ## $lBN$mACE$nOferecido à Biblioteca Nacional de Angola$s784 CAR*his$x2 997 ## $aBIBEOD
Etiqueta de registo: 00716cam 2200241 450 001 1095435 003 http://id.bnportugal.gov.pt/bib/catbnp/1095435 010 ## $a972-20-2396-9 021 ## $aPT$b190590/03 100 ## $a20021121d2003 m y0pory01030103ba 101 0# $apor 102 ## $aPT 105 ## $aa z 001yy 106 ## $ar 200 1# $aHistória do fado$fPinto de Carvalho (Tinop)$gpref. Joaquim Pais de Brito 205 ## $a5ª ed 210 #9 $aLisboa$cDom Quixote,$d2003 215 ## $a292, [2] p.$cil.$d23 cm 225 2# $aPortugal de perto.$iBiblioteca de Etnografia e Antropologia$v1 606 ## $aFado$xHistória$yPortugal$2SIPOR$389661 675 ## $a784.4(=1:469)(091)$vBN$zpor$31117441 700 #1 $aCarvalho,$bPinto de,$f1858-1936$340253 702 #1 $aBrito,$bJoaquim Pais de,$f1945-$4080$317496 801 #0 $aPT$bBN$gRPC 966 ## $lBN$mMUSICA$sHIS-POR CAR$x6 966 ## $lBN$mMUSICA$sM. 2618 V.$x1 966 ## $lBN$mMUSICA$sM. 2618 V.-D $x1
Etiqueta de registo: 00801nam 2200265 450 001 1790512 003 http://id.bnportugal.gov.pt/bib/catbnp/1790512 010 ## $a978-972-8917-54-8 021 ## $aPT$b317734/10 100 ## $a20110930e20101903m y0pory0103 ba 101 0# $apor 102 ## $aPT 105 ## $aa z 000yy 106 ## $ar 200 1# $aHistória do fado$fPinto de Carvalho (Tinop) 210 #9 $aLisboa$cArquimedes Livros,$d2010 215 ## $a270 p.$cil.$d20 cm 324 ## $aFacsimile da ed. de Lisboa : Empreza da Historia de Portugal, 1903 606 ## $aFado$xHistória$yPortugal$2SIPOR$389661 675 ## $a784.4(=1:469)(091)$vBN$zpor$31117441 700 #1 $aCarvalho,$bPinto de,$f1858-1936$340253 801 #0 $aPT$bBN$gRPC 856 41 $uhttp://rnod.bnportugal.gov.pt/ImagesBN/winlibimg.aspx?skey=&doc=1790512&img=1748&save=true 900 ## $aBIBNAC$d20121120 966 ## $lBN$mFGMON$sB.A. 9233 P.$x1
Etiqueta de registo: 00976cam 2200325 450 001 342023 003 http://id.bnportugal.gov.pt/bib/catbnp/342023 005 19990703140400.0 010 ## $a972-20-0379-8 021 ## $aPT$b52991/92 095 ## $aPTBN00361841 100 ## $a19920514d1992 m y0pory0103 ba 101 0# $apor 102 ## $aPT 105 ## $aa zzzz001aa 106 ## $ar 200 1# $aHistória do fado$fPinto de Carvalho$gpref. Joaquim Pais de Brito 205 ## $a3ª ed 210 #9 $aLisboa$cDom Quixote,$d1992 215 ## $a292, [2] p.$cil.$d24 cm 225 2# $aPortugal de perto.$iBiblioteca de Etnografia e Antropologia$v1 606 ## $aFado$xHistória$yPortugal$2SIPOR$389661 675 ## $a784.4(=1:469)(091)$vBN$zpor$31117441 700 #1 $aCarvalho,$bPinto de,$f1858-1936$340253 702 #1 $aBrito,$bJoaquim Pais de,$f1945-$4080$317496 801 #0 $aPT$bBN$gRPC 966 ## $c2$lBN$mFGMON$nUsual Sala de Leitura Geral$s784.4 (469) CAR$x1 966 ## $c2$lBN$mFGMON$sS.C. 66825 V.-D$x1 997 ## $aBIBEOD
Etiqueta de registo: 00748cam 02200241 04500 001 34594 003 http://id.bnportugal.gov.pt/bib/catbnp/34594 100 ## $a19830301d1982 m y0pora01030103ba 101 0# $apor 102 ## $aPT 105 ## $aa z 000yy 106 ## $ar 200 1# $aHistória do fado$fPinto de Carvalho$gpref. Joaquim Pais de Brito 205 ## $a1ª ed 210 #9 $aLisboa$cDom Quixote,$d1982 215 ## $a292, [3] p.$cil.$d24 cm 225 2# $aPortugal de perto.$iBiblioteca de etnografia e antropologia$v1 317 ## $aColeção Cremilde e Gerhard Doderer$5PTBN: DOD.MH. 165 606 ## $aFado$xHistória$yPortugal$2SIPOR$389661 675 ## $a784.4(=1:469)(091)$vBN$zpor$31117441 700 #1 $aCarvalho,$bPinto de,$f1858-1936$340253 702 #1 $aBrito,$bJoaquim Pais de,$f1945-$4080$317496 801 #0 $aPT$bBN$gRPC 966 ## $lBN$mFGMON$sS.C. 52442 V. 966 ## $lBN$mMUSICA$sDOD.MH. 165$x3 997 ## $aBIBEOD
Etiqueta de registo: 00230nam 2200025 450 001 1734999 003 http://id.bnportugal.gov.pt/bib/catbnp/1734999 010 ## $a978-989-618-185-5 021 ## $aPT$b281029/08 100 ## $a20100121d2008 m y0pory0103 ba 101 0# $apor 102 ## $aPT 105 ## $aa z 000yy 106 ## $ar 200 1# $aModistas e cabeleireiros (século XIX)$fPinto de Carvalho (Tinop)$grev. Luis Filipe Coelho 205 ## $a1ª ed 210 #9 $aLisboa$cApenas Livros,$d2008 215 ## $a20 p.$cil.$d20 cm 225 2# $aOra e outrora$v23 675 ## $a391-051(469.411)"18"(042)$vBN$zpor$31410754 700 #1 $aCarvalho,$bPinto de,$f1858-1936$340253 702 #1 $aCoelho,$bLuís Filipe$4675$324931 801 #0 $aPT$bBN$gRPC 900 ## $aBIBNAC$d20100319 966 ## $lBN$mFGMON$sS.C. 37489 P.$x1 966 ## $lBN$mFGMON$sS.C. 37489 P.-D$x1
Etiqueta de registo: 01452cam 2200397 450 001 819412 003 http://id.bnportugal.gov.pt/bib/catbnp/819412 005 19990703140500.0 021 ## $aPT$b43395/91 095 ## $aPTBN00470661 100 ## $a19930723d1991 m y0pory0103 ba 101 0# $apor 102 ## $aPT 105 ## $ay z 000yy 106 ## $ar 200 0# $aLisboa d'outros tempos$fPinto de Carvalho 210 #9 $aLisboa$cFenda,$d1991 [D.L. 1993] 215 ## $a2 v.$d21 cm 327 1# $a1º v. Figuras e cenas antigas. - 344, [1] p.$a2º v. Os cafés. - 297, [1] p. 500 10 $aLisboa de outros tempos 606 ## $2SIPOR$3104547 606 ## $2SIPOR$3104546 675 ## $a316.728(469.411.16)(046)$vBN$zpor$3793234 675 ## $a640.4(469.411.16)"18"(046)$vBN$zpor$3793235 700 #1 $aCarvalho,$bPinto de,$f1858-1936$340253 801 #0 $aPT$bBN$gRPC 930 ## $lBN$mAG$dS.C. 68982-83 V. 930 ## $lBPMP$dB7-10-85[1-2] 930 ## $lUCBG$d6-38-35 966 ## $c2$d1Á v.$lBN$mFGMON$sS.C. 68982 V.$x1 966 ## $c2$d1Á v.$lBN$mFGMON$sS.C. 68982 V.$x1 966 ## $c2$d2Á v.$lBN$mFGMON$sS.C. 68983 V.$x1 966 ## $c2$d2Á v.$lBN$mFGMON$sS.C. 68983 V.$x1
Etiqueta de registo: 00230nam 2200025 450 001 1291844 003 http://id.bnportugal.gov.pt/bib/catbnp/1291844 010 ## $a972-8777-49-3 021 ## $aPT$b206620/04 100 ## $a20041006d2004 m y0pory0103 ba 101 0# $apor 102 ## $aPT 105 ## $aa z 000yd 106 ## $ar 200 1# $a Os amores de D. Carlota Joaquina$fPinto de Carvalho (Tinop) 205 ## $a1ª ed 210 #9 $aLisboa$cApenas Livros,$d2004 215 ## $a20 p.$cil.$d22 cm 225 2# $aOra e outrora$v9 532 12 $a Os amores de Dona Carlota Joaquina 675 ## $a929Carlota Joaquina, Rainha de Portugal$vBN$zpor$31194706 675 ## $a32Carlota Joaquina, Rainha de Portugal$vBN$zpor$31459763 675 ## $a325.3(=1:460)(7/8=134.2)"1808/1812"$vBN$zpor$31174576 700 #1 $aCarvalho,$bPinto de,$f1858-1936$340253 900 ## $aBIBNAC$d20130602 966 ## $lBN$mFGMON$sS.C. 101180 V.$x1 966 ## $lBN$mFGMON$sS.C. 101180 V.$x1
Etiqueta de registo: 00000nam 2200025 450 001 1850302 003 http://id.bnportugal.gov.pt/bib/catbnp/1850302 021 ## $aPT$b6792/84 100 ## $a20130920d1984 m y0pory01030103ba 101 0# $apor 102 ## $aPT 105 ## $aa z 000yy 106 ## $ar 200 1# $aHistória do fado$fPinto de Carvalho (Tinop) 205 ## $a2ª ed 210 #9 $aLisboa$cD. Quixote,$d1984 215 ## $a292, [2] p.$cil.$d24 cm 225 2# $aPortugal de perto$ebiblioteca de etnografia e antropologia$v1 606 ## $aFado$xHistória$yPortugal$2SIPOR$389661 675 ## $a784.4(=1:469)(091)$vBN$zpor$31117441 700 #1 $aCarvalho,$bPinto de,$f1858-1936$340253 801 #0 $aPT$bBN$gRPC 966 ## $lBN$mMUSICA$pBiblioteca Alberto de Lacerda$sM. 4632 V.$x3 997 ## $aBIBEOD
Etiqueta de registo: 02355cam 22004451 450 001 722358 003 http://id.bnportugal.gov.pt/bib/catbnp/722358 100 ## $a19931015d19381939m y0pory0103 ba 101 0# $apor 102 ## $aPT 105 ## $ay z 000yy 106 ## $ar 200 1# $aLisboa de outrora$fJoão Pinto de Carvalho$gpublicação póstuma coord. rev. e anot. Gustavo de Matos Sequeira, Luiz de Macedo 210 #9 $aLisboa$cGrupo de Amigos de Lisboa,$d1938-1939 215 ## $a3 v.$d21 cm 675 ## $a711(469.411.16)$vBN$zpor$3481252 700 #1 $aCarvalho,$bPinto de,$f1858-1936$340253 702 #1 $aSequeira,$bGustavo de Matos,$f1880-1962$4340$384369 702 #1 $aMacedo,$bLuís Pastor de,$f1901-1971$4340$360400 801 #0 $aPT$bBN$gRPC 856 40 $uhttps://purl.pt/717 856 41 $uhttps://purl.pt/717/service/media/cover/low 856 49 $uhttps://purl.pt/717/service/media/pdf/hg-27482-p$qapplication/pdf 856 49 $uhttps://purl.pt/717/service/media/pdf/hg-27480-p$qapplication/pdf 856 49 $uhttps://purl.pt/717/service/media/pdf/hg-27481-p$qapplication/pdf 958 ## $aBND$bLivre$cDigitalizado$d1$ehttps://purl.pt/717/service/media/cover/max 966 ## $lBN$mBND$nDigitalização dos originais: H.G. 27480 P. a H.G. 27482 P.$sPURL 717/0 966 ## $lBN$mBND$nDigitalizado de: H.G. 27480 P., H.G. 27481 P. e H.G. 27482 P.$sPURL 717/1 966 ## $lBN$mBND$nDigitalização dos originais: H.G. 27480 P. a H.G. 27482 P.$sPURL 717/2 966 ## $lBN$mBND$nDigitalização dos originais: H.G. 27480 P. a H.G. 27482 P.$sPURL 717/3 966 ## $b001$d1º v.$lBN$mFGMON$nDigitalizado em: PURL 717$sB.R. 10154$x3 966 ## $b001$d2º v.$lBN$mFGMON$nDigitalizado em: PURL 717$sB.R. 10155$x3 966 ## $b001$d3º v.$lBN$mFGMON$nDigitalizado em: PURL 717$sB.R. 10156$x3 966 ## $b002$d1º v.$lBN$mFGMON$nDigitalizado em: PURL 717$sH.G. 27480 P.$x1 966 ## $b002$d2º v.$lBN$mFGMON$nDigitalizado em: PURL 717$sH.G. 27481 P.$x1 966 ## $b002$d3º v.$lBN$mFGMON$nDigitalizado em: PURL 717$sH.G. 27482 P.$x1 966 ## $b003$d1º v.$lBN$mFGMON$nDigitalizado em: PURL 717$sH.G. 35983 V. 966 ## $b003$d2º v.$lBN$mFGMON$nDigitalizado em: PURL 717$sH.G. 35984 V. 966 ## $b003$d3º v.$lBN$mFGMON$nDigitalizado em: PURL 717$sH.G. 35985 V. 998 ## $aCB009-387
Etiqueta de registo: 00534cam 2200193 450 001 526044 003 http://id.bnportugal.gov.pt/bib/catbnp/526044 005 19990703140500.0 095 ## $aPTBN00729094 100 ## $a19950511d1931 m y0pory0103 ba 101 0# $apor 102 ## $aPT 200 1# $aAloés$fTinop$gil. Pinto de Magalhães 210 #9 $a[S.l.$cs.n.],$dLisboa :$gTip. Silva) 215 ## $a30 p.$d15 cm 225 2# $aCor de rosa$v3 700 #1 $aCarvalho,$bPinto de,$f1858-1936$340253 702 #1 $aMagalhães,$bPinto de,$fca 18 - -$4440$3176312 801 #0 $aPT$bBN$gRPC 966 ## $lBN$mFGMON$nEm falta desde 1966$sL. 23906//3 P. 997 ## $aBIBEOD
Etiqueta de registo: 01274cam 2200337 450 001 428464 003 http://id.bnportugal.gov.pt/bib/catbnp/428464 005 19991122125600.0 095 ## $aPTBN00457506 100 ## $a19930520g18981899m y0pory0103 ba 101 0# $apor 102 ## $aPT 106 ## $ar 200 0# $aLisboa d'outros tempos$fPinto de Carvalho 210 #9 $aLisboa$cLivr. Antonio Maria Pereira,$d1898-1899 215 ## $a2 v.$d20 cm 327 1# $a1º v.: Figuras e scenas antigas. - 330, [1] p.$a2º v.: Os cafés. - [8], 305 p. 500 10 $aLisboa de outros tempos 517 1# $aFiguras e cenas antigas 517 1# $a Os cafés 700 #1 $aCarvalho,$bPinto de,$f1858-1936$340253 801 #0 $aPT$bBN$gRPC 856 40 $2Cópia digital disponível na Biblioteca Digital Hispânica$uhttp://catalogo.bne.es/uhtbin/cgisirsi/0/x/0/05?searchdata1=bimo0001315552 930 ## $lBN$mAG$dH.G. 17115-16 P. 930 ## $lBN$mAG$dH.G. 17388 P.$f1 930 ## $lBN$mAG$dH.G. 18976-77 P. 966 ## $b001$d1º v.$lBN$mFGMON$sH.G. 17115 P. 966 ## $b001$d2º v.$lBN$mFGMON$sH.G. 17116 P. 966 ## $b002$d1º e 2º v.$lBN$mFGMON$sH.G. 17388 P. 966 ## $b003$d1º v.$lBN$mFGMON$sH.G. 18976 P. 966 ## $b003$d2º v.$lBN$mFGMON$sH.G. 18977 P. 966 ## $b004$d1º e 2º v.$lBN$mFGMON$pBiblioteca Carlos Malheiro Dias$sH.G. 36420 P.$x3 966 ## $d1º v.$lBN$mFGMON$sL. 81260 P. 966 ## $d2 v.$lBN$mFGMON$sL. 81261 P. 966 ## $b005$d2º v.$lBN$mFGMON$pBiblioteca Carlos Malheiro Dias$sTR. 6917 P.$x3
Etiqueta de registo: 00533cam 02200193 04500 001 25338 003 http://id.bnportugal.gov.pt/bib/catbnp/25338 005 19990703140300.0 095 ## $aPTBN00025968 100 ## $a19840701d1984 m y0pora0103 ba 101 0# $apor 102 ## $aPT 200 1# $a O Espírito Santo e seus dons$fP. Pinto de Carvalho 210 #9 $a[S.l.$cs.n.,$dD.L. 1984$eVila do Conde :$gMinerva)] 215 ## $a12 p.$d21 cm 675 ## $a234$vmed$zpor$3291699 700 #1 $aCarvalho,$bPinto de,$f1858-1936$340253 801 #0 $aPT$bBN$gRPC 966 ## $lBN$mFGMON$sR. 15452 V. 997 ## $aBIBEOD 998 ## $aFSE69 - 00030
Etiqueta de registo: 00230nam 2200025 450 001 1892972 003 http://id.bnportugal.gov.pt/bib/catbnp/1892972 010 ## $a978-989-618-474-2 021 ## $aPT$b380289/14 100 ## $a20150123d2014 m y0pory01030103ba 101 0# $apor 102 ## $aPT 105 ## $aa z 000yd 106 ## $ar 200 1# $aChapéus... houve muitos$fPinto de Carvalho 205 ## $a1ª ed 210 #9 $aLisboa$cApenas Livros,$d2014 215 ## $a[28] p.$cil.$d21 cm 225 2# $aOra e outrora.$iCuriosidades da cultura portuguesa$v31 675 ## $a391.4(091)$vBN$zpor$31598226 700 #1 $aCarvalho,$bPinto de,$f1858-1936$340253 801 #0 $aPT$bBN$gRPC 856 41 $uhttp://rnod.bnportugal.gov.pt/ImagesBN/winlibimg.aspx?skey=&doc=1892972&img=54632&save=true 900 ## $aBIBNAC$d20150205 966 ## $lBN$mFGMON$sS.C. 139633 V.$x1 966 ## $lBN$mFGMON$sS.C. 139633 V.-D$x1
Etiqueta de registo: 00548nam 2200193 450 001 1964167 003 http://id.bnportugal.gov.pt/bib/catbnp/1964167 021 ## $aPT$b418525/16 100 ## $a20170530e20161903m y0pory01030103ba 101 0# $apor 102 ## $aPT 105 ## $aah z 000yy 106 ## $ar 200 1# $aHistória do fado$fPinto de Carvalho 210 #9 $a[S.l.]$cA Bela e o Monstro,$dcop. 2016 215 ## $a270 p.$cil.$d20 cm 324 ## $aEd. facsimile de: Lisboa : Empreza da Historia de Portugal, 1903 606 ## $aFado$xHistória$yPortugal$2SIPOR$389661 675 ## $a099.4$vBN$zpor$31481599 675 ## $a784.4(=1:469)(091)$vBN$zpor$31117441 700 #1 $aCarvalho,$bPinto de,$f1858-1936$340253 801 #0 $aPT$bBN$gRPC 856 41 $uhttp://rnod.bnportugal.gov.pt/ImagesBN/winlibimg.aspx?skey=&doc=1964167&img=95271&save=true 900 ## $aBIBNAC$d20170630 966 ## $lBN$mMUSICA$sM. 2697 P.$x1 966 ## $lBN$mMUSICA$sM. 2697 P.-D $x1
Etiqueta de registo: 01287cam 2200361 450 001 178129 003 http://id.bnportugal.gov.pt/bib/catbnp/178129 100 ## $a19960510d1903 m y0pory01030103ba 101 0# $apor 102 ## $aPT 105 ## $aa z 000yy 106 ## $ar 200 1# $aHistória do fado$fPinto de Carvalho (Tinop) 210 #9 $aLisboa$cEmpreza da Historia de Portugal,$d1903 215 ## $a270 p.$cil.$d20 cm 316 ## $aDedicatória do autor a Jaime Batalha Reis$5PTBN: M. 756 P. 317 ## $aIPPC, Departamento de Musicologia$5PTBN: M. 925 P. 606 ## $aFado$xHistória$yPortugal$2SIPOR$389661 675 ## $a784.4(=1:469)(091)$vBN$zpor$31117441 700 #1 $aCarvalho,$bPinto de,$f1858-1936$340253 702 #1 $aReis,$bJaime Batalha,$f1847-1935$4390$3106103 712 01 $aPortugal.$bInstituto Português do Património Cultural.$bDepartamento de Musicologia$4390$3285717 801 #0 $aPT$bBN$gRPC 856 40 $uhttps://purl.pt/27669 856 41 $uhttps://purl.pt/27669/service/media/cover/low 856 49 $uhttps://purl.pt/27669/service/media/pdf$qapplication/pdf 958 ## $aBND$bLivre$cDigitalizado$d1$ehttps://purl.pt/27669/service/media/cover/max 966 ## $lBN$mFGMON$sL. 10486 P. 966 ## $lBN$mFGMON$sL. 10488 P. 966 ## $lBN$mFGMON$sL. 25215 P. 966 ## $lBN$mFGMON$sL. 10487 P. 966 ## $lBN$mFGMON$sS.C. 32115 P. 966 ## $lBN$mMUSICA$sM. 925 P. $x6 966 ## $lBN$mMUSICA$sM. 756 P. $x3
|
|
|